000
00285nam a2200109Ia 4500
008
220204s9999 xx 000 0 und d
082
_a
637.12(047)
_b
IND
245
0
_a
Report on mineral composition of milk
260
_a
New Delhi
_b
ICAR
_c
1962
650
_a
Milk composition
942
_c
BK
999
_c
21944
_d
21944